000 00911nmm a2200277 a 4500
001 ocm000716553
003 TR-IsHL
005 20201028124609.0
008 130902s2010 tu tur
007 cr cn
035 _a716553
_b(N$T)
050 0 4 _aPS1214.L5819
_bK8 2010
090 0 4 _aPS1214.L5819
_bK8 2010
100 1 _aBurnett, Frances H.
245 1 0 _aKüçük lord
_h[electronic resource] /
_cFrances H. Burnett ; tashih Derya Günay
250 _a1. bs.
260 _aİstanbul :
_bBirleşik Yayın Grubu,
_c2010
300 _a176 p.
650 4 _aDil ve Edebiyat
650 4 _aLanguage and Literature
650 0 _aİngiliz romanı
650 0 _aEnglish fiction
650 7 _aLITERARY COLLECTIONS / European / English, Irish, Scottish, Welsh
_2bisacsh
700 1 _aGünay, Derya
856 4 0 _uhttp://search.ebscohost.com/login.aspx?direct=true&scope=site&db=e011xww&AN=716553
999 _c3037
_d3037